| 000 | 004850000a22001930004500 | ||
|---|---|---|---|
| 003 | LK-CoMWRAF | ||
| 005 | 20231020143643.0 | ||
| 008 | 230817t ||||| |||| 00| 0 eng d | ||
| 040 |
_aLK-CoMWRAF _dLK-CoMWRAF _eLK-CoMWRAF |
||
| 041 | _aeng | ||
| 082 |
_a297 _bALM |
||
| 100 | _aAl-Mauduwdiy, Abu'l-a'laa | ||
| 245 | _aAsas-Asas Islam | ||
| 260 |
_aLebanon : _bThe Holy Koran publishing house, _c1980 |
||
| 300 | _a199p | ||
| 650 | _aIslam | ||
| 650 | _aIslam--ASAS | ||
| 942 | _cBK | ||
| 999 |
_c1060 _d1060 |
||